Contes inédits d'Edgar Poe / (Record no. 162334)

MARC details
000 -LEADER
campo de control de longitud fija 00642nam a22001935i 4500
001 - NÚMERO DE CONTROL
campo de control 162334
003 - IDENTIFICADOR DE NÚMERO DE CONTROL
campo de control ES-MaACL
005 - FECHA Y HORA DE LA ÚLTIMA TRANSACCIÓN
campo de control 20250713091425.0
008 - DATOS DE LONGITUD FIJA--INFORMACIÓN GENERAL
campo de control de longitud fija 041110q1862 fr |||| | fre d
100 1# - ENTRADA PRINCIPAL--NOMBRE DE PERSONA
Nombre de persona Poe, Edgar Allan,
Fechas asociadas al nombre 1809-1849
9 (RLIN) 188384
245 10 - MENCIÓN DEL TÍTULO
Título Contes inédits d'Edgar Poe /
Mención de responsabilidad, etc. traduits de l'anglais par William L. Hughes.
260 ## - PUBLICACIÓN, DISTRIBUCIÓN, ETC.
Lugar de publicación, distribución, etc. Paris :
Nombre del editor, distribuidor, etc. J. Hetzel,
Fecha de publicación, distribución, etc. [ca. 1862]
300 ## - DESCRIPCIÓN FÍSICA
Extensión III, 314 p. ;
Dimensiones 18 cm.
490 1# - MENCIÓN DE SERIE
Mención de serie Collection Hetzel
700 1# - ENTRADA AGREGADA--NOMBRE PERSONAL
Nombre de persona Hughes, William Little (
Fechas asociadas al nombre 1822-1887)
9 (RLIN) 172310
830 1# - PUNTO DE ACCESO ADICIONAL DE SERIE-TÍTULO UNIFORME
Título uniforme Collection Hetzel
9 (RLIN) 188385
852 4# - LOCALIZACIÓN
Ubicación ES-MaACL
Número de control de estantería F-13303
Nota libre - Enc. hol.
Holdings
Estatus retirado Estado de pérdida Estado de daño No para préstamo Colección Biblioteca de origen Biblioteca actual Ubicación en estantería Fecha de adquisición Fuente de adquisición Total de préstamos Signatura topográfica completa Código de barras Visto por última vez Precio de reemplazo Tipo de ítem Koha
        Libros del s. XIX Biblioteca del Ateneo de Madrid Biblioteca del Ateneo de Madrid Sala Pecera Planta 2 17/01/2008     F-13303 1170068 23/02/2023 23/02/2023 Libro impreso antiguo